Sifat Jujur dan Amanah Rasulullah صلى الله عليه وسلم (Record no. 203683)

MARC details
000 -LEADER
fixed length control field 00883nam a2200265 i 4500
005 - DATE AND TIME OF LATEST TRANSACTION
control field 20260405123048.0
008 - FIXED-LENGTH DATA ELEMENTS--GENERAL INFORMATION
fixed length control field 260405s2025 my a br 000 0 may d
020 ## - INTERNATIONAL STANDARD BOOK NUMBER
International Standard Book Number 9555832904411
Terms of availability RM19.90
Qualifying information hardback
040 ## - CATALOGING SOURCE
Original cataloging agency PPAK
Language of cataloging eng
Transcribing agency PPAK
Description conventions rda
082 04 - DEWEY DECIMAL CLASSIFICATION NUMBER
Edition number 23
Classification number 297.18
090 00 - LOCALLY ASSIGNED LC-TYPE CALL NUMBER (OCLC); LOCAL CALL NUMBER (RLIN)
Classification number (OCLC) (R) ; Classification number, CALL (RLIN) (NR) 297.18
Feature heading SIF
Feature heading K
245 00 - TITLE STATEMENT
Title Sifat Jujur dan Amanah Rasulullah صلى الله عليه وسلم
264 #1 - PRODUCTION, PUBLICATION, DISTRIBUTION, MANUFACTURE, AND COPYRIGHT NOTICE
Place of production, publication, distribution, manufacture Batang Kali, Selangor :
Name of producer, publisher, distributor, manufacturer DARUL MUGHNI TRADING,
Date of production, publication, distribution, manufacture, or copyright notice [2025?]
300 ## - PHYSICAL DESCRIPTION
Extent 15 pages :
Other physical details colour photographs ;
Dimensions 19 x 19 cm
336 ## - CONTENT TYPE
Content type term text
Source rdacontent
337 ## - MEDIA TYPE
Media type term unmediated
Source rdamedia
338 ## - CARRIER TYPE
Carrier type term volume
Source rdacarrier
490 1# - SERIES STATEMENT
Series statement Siri Akhlak Mulia
500 ## - GENERAL NOTE
General note Berfokus Suku Kata.
600 00 - SUBJECT ADDED ENTRY--PERSONAL NAME
Personal name Muhammad,
Titles and other words associated with a name Prophet,
Dates associated with a name -632
650 10 - SUBJECT ADDED ENTRY--TOPICAL TERM
Topical term or geographic name entry element Islamic stories, Malay
Topical term or geographic name entry element Islamic ethics
830 #0 - SERIES ADDED ENTRY--UNIFORM TITLE
Uniform title Siri akhlak mulia
942 ## - ADDED ENTRY ELEMENTS (KOHA)
Source of classification or shelving scheme Dewey Decimal Classification
Koha item type Book
Holdings
Withdrawn Not for loan Current library Shelving location Date acquired Total Checkouts Full call number Barcode Date last seen Koha item type
    Perpustakaan Alor Setar Pinjaman Kanak-kanak 09/04/2026   K 297.18 SIF A01907438 09/04/2026 Book
    Perpustakaan Awam Sungai Petani Pinjaman Kanak-kanak 09/04/2026   K 297.18 SIF A01907439 09/04/2026 Book
    Perpustakaan Baling Pinjaman Kanak-kanak 09/04/2026   K 297.18 SIF A01907443 09/04/2026 Book
    Perpustakaan Bandar Baharu Pinjaman Kanak-kanak 09/04/2026   K 297.18 SIF A01907444 09/04/2026 Book
    Perpustakaan Jitra Pinjaman Kanak-kanak 09/04/2026   K 297.18 SIF A01907440 09/04/2026 Book
    Perpustakaan Kuala Nerang Pinjaman Kanak-kanak 09/04/2026   K 297.18 SIF A01907448 09/04/2026 Book
    Perpustakaan Kulim Pinjaman Kanak-kanak 09/04/2026   K 297.18 SIF A01907442 09/04/2026 Book
    Perpustakaan Langkawi Pinjaman Kanak-kanak 09/04/2026   K 297.18 SIF A01907441 09/04/2026 Book
    Perpustakaan Merbok Pinjaman Kanak-kanak 09/04/2026   K 297.18 SIF A01907445 09/04/2026 Book
    Perpustakaan Pendang Pinjaman Kanak-kanak 09/04/2026   K 297.18 SIF A01907449 09/04/2026 Book
    Perpustakaan Sik Pinjaman Kanak-kanak 09/04/2026   K 297.18 SIF A01907447 09/04/2026 Book
    Perpustakaan Yan Pinjaman Kanak-kanak 09/04/2026   K 297.18 SIF A01907446 09/04/2026 Book
    Bergerak 1, Alor Setar Pinjaman Kanak-kanak 09/04/2026   K 297.18 SIF A01907450 09/04/2026 Book
    Bergerak 3, Baling Pinjaman Kanak-kanak 09/04/2026   K 297.18 SIF A01907451 09/04/2026 Book
    Bergerak 4, Sungai Petani Pinjaman Kanak-kanak 09/04/2026   K 297.18 SIF A01907452 09/04/2026 Book
    Bergerak 5, Kulim Pinjaman Kanak-kanak 09/04/2026   K 297.18 SIF A01907453 09/04/2026 Book